| 000 | 00539nam a22001937a 4500 | ||
|---|---|---|---|
| 003 | BD-DhJNU | ||
| 005 | 20250309073114.0 | ||
| 008 | 250309b |||||||| |||| 00| 0 eng d | ||
| 020 | _a9840512935 | ||
| 040 |
_aBD-DhJNU _bENG _cBD-DhJNU _dBD-DhJNU |
||
| 082 |
_223 _a211.7 |
||
| 100 | _aZamir, Muhammad | ||
| 245 |
_aDreams, miracles and supplications in islam / _cMuhammad Zamir |
||
| 260 |
_aDhaka : _bUniversity press LTD, _c1995. |
||
| 300 |
_ax, 225 p. : _c22 cm. |
||
| 504 | _aincludes index | ||
| 650 | _aIslam | ||
| 942 |
_2ddc _cBK _n0 |
||
| 999 |
_c1465 _d1465 |
||